[Event "Gausdal Classic"]
[Site "Gausdal"]
[Date "2004.10.01"]
[Round "9"]
[White "Smeets, Jan"]
[Black "Carlsen, Magnus"]
[Result "0-1"]
[WhiteElo "2545"]
[BlackElo "2567"]
[Annotator "Rogozenco,Dorian"]
[PlyCount "72"]
[EventDate "2004.09.23"]
[EventType "tourn"]
[EventRounds "9"]
[EventCountry "NOR"]
[EventCategory "10"]
[SourceTitle "CBM 104"]
[Source "ChessBase"]
[SourceDate "2005.01.27"]
[SourceVersion "1"]
[SourceVersionDate "2005.01.27"]
[SourceQuality "1"]

1. e4 c5 2. Nf3 Nc6 3. Nc3 g6 4. d4 cxd4 5. Nxd4 Bg7 6. Be3 Nf6 7. Be2 O-O 8. O-O d6 9. Nb3 {Other options offer Black even more possibilities to equalize.} (9. Qd2 Ng4 (9... d5) (9... Bd7) (9... Nxd4 10. Bxd4 Be6) 10. Bxg4 Bxg4 11. f4 Nxd4 $1 12. Bxd4 e5 13. Be3 exf4 14. Rxf4 Be6 $11) (9. Kh1 d5 $11) (9. f4 Qb6 $1 10. Qd3 Ng4 $11 {[%csl Rd4][%cal Gg7d4,Gc6d4,Gb6d4]}) 9... a6 ({Miles' idea} 9... Bd7 $5 10. f4 b5 {is another attractive way for Black to play on the queenside.}) 10. a4 {Prevents ...b5, but weakens the queenside. Unlike in other Sicilians, in (Classical) Dragon the advance a2-a4 is less attractive for White, due to the fact that Black can place his bishop on e6 and together with the other bishop on the long diagonal he exert considerable pressure on White's queenside.} (10. f4 b5 11. Bf3 Bb7 $140 12. e5 dxe5 13. fxe5 Nd7 14. e6 fxe6 15. Bg4 $44) 10... Be6 $11 11. f4 Rc8 (11... Bxb3 12. cxb3 e6 $13 {[%csl Ra5,Gb2,Gb3,Rb4][%cal Ga8c8,Gd8c7] is a standard way to create doubled pawns in Classical Dragon.}) 12. Qd2 Na5 {The position is still equal, but it is rather White who should be more careful.} 13. Nxa5 Qxa5 14. Bf3 (14. Nd5 $2 Qxd2 15. Nxe7+ Kh8 16. Bxd2 Rxc2 17. Rfd1 Nxe4 $19 {0-1 Salazar,A-La Candia,J/ARG-ch M corr 1996 (22)}) 14... Qb4 {A direct consequence of the move 10.a4. Black has the initiative now.} 15. Rfb1 $146 ({After} 15. Rab1 {Black can play similar to the game} Ng4 16. Bxg4 Bxg4 {and the absence of the rook on a1 favours Black.}) ({RR} 15. Nd5 Nxd5 16. exd5 Qxd2 17. Bxd2 Rxc2 18. dxe6 Rxd2 19. exf7+ Kxf7 20. Bxb7 a5 21. Rac1 Bxb2 22. Rc7 Bd4+ 23. Kh1 Bf6 24. Rc8 Rxc8 25. Bxc8 Bd4 26. g3 Kg7 27. Re1 e5 28. fxe5 dxe5 29. Ba6 Kf6 {Navarro,S (2274)-Lehtioksa,J (2172) Plovdiv 2010 ½-½ (44)}) 15... Ng4 (15... Rc7 16. Qf2 $1 (16. a5 Ng4 17. Bxg4 Bxg4 $13) 16... Rfc8 (16... Ng4 $2 17. Bxg4 Bxg4 18. Nd5 $18) 17. a5 $36 {[%cal Ga1a4]}) 16. Bxg4 Bxg4 $15 17. Qd3 Qc4 ({I think the strongest was} 17... Bxc3 18. bxc3 Qxc3 19. Ra2 (19. Rxb7 $4 {is obviously not possible because of} Qxa1+) (19. Qxc3 Rxc3 20. Rb3 Rfc8 $17) 19... Qc4 20. Rab2 Bd7 $1 {I don't see any clear way for White to reach a reasonable position. On the other hand the desire to avoid trading off the powerful dark-squared bishop is understandable.}) 18. a5 Bd7 19. Ra3 f5 $15 {Two bishops and the evident activity still secures Black better chances, of course.} 20. Nd5 Qxd3 21. cxd3 Rce8 {Probably already here Carlsen had in mind the exchange sac.} (21... Rfe8 $6 22. Nb6 Rc7 23. Nxd7 $11) 22. Rb3 (22. Nc7 $5 Rb8 (22... Rc8 23. Nd5 {is same as before}) 23. Rb3 (23. Nd5 e6 24. Nb6 Bc6 $17) 23... Ba4 24. Rb4 Bc2 25. Rc1 Bxd3 26. Ne6 Bxe4 (26... Rfc8 27. Rxc8+ Rxc8 28. Nxg7 Kxg7 29. exf5 gxf5 30. Rxb7 Kf7 $15) 27. Nxf8 Kxf8 $15) 22... Bc6 23. Nc7 Rc8 (23... fxe4 24. Nxe8 Rxe8 {is similar to the game with the little difference - the rook in the game was better placed on f8 (compare with the position after 25...xf8). In any case Black has great compensation, but of course it makes sense to explore at maximum available possibilities.} 25. d4 $5 Kf7 {also with great compensation for Black.}) 24. Ne6 (24. Nd5 Rfe8 $15) 24... fxe4 $1 (24... Rf7 25. Nxg7 Kxg7 26. Bd4+ Kg8 27. e5 $11) 25. Nxf8 Rxf8 26. dxe4 (26. d4 Rf5 $44) 26... Bxe4 27. Rc1 Rf5 {In spite of Black's wonderful compensation, with good play White should be able to make a draw. It is important for White to create his own activity rather than wait for Black to improve the position.} 28. Rc7 Kf7 29. Bd2 Bc6 {Threatening e8-d8.} 30. Re3 $1 {A brave decision.} (30. Rc8 Rd5 $17) 30... Bd4 (30... Bf6 $2 31. Bc3) 31. Rcxe7+ Kf8 32. g3 (32. Bc3 Bxe3+ 33. Rxe3 Rxf4 34. Re6 {should be a draw:} Rg4 (34... d5 35. Rf6+) 35. g3 d5 36. Rf6+ Ke7 37. Rf4 $11) 32... g5 33. fxg5 Rf3 34. Bc1 Bc5 35. Bd2 d5 36. Kg2 $2 {A blunder after excellent defense.} (36. R7e5 Kf7 37. g4 {[%cal Ge5f5] and White holds.} Kg6 $140 (37... Rh3 38. Kg2 Bxe3 39. Bxe3 Rxe3 40. Rxe3 d4+ 41. Rf3+ Kg6 42. h4 $18) 38. h4) (36. R7e6 Kf7 37. R6e5 Kg6 38. g4 Rh3 $15 39. Kg2 $140 $2 Bxe3 40. Bxe3 Rxe3 41. Rxe3 d4+ 42. Rf3 d3 43. Kg3 Bxf3 44. Kxf3 Kxg5 $19) 36... Rxe3 {White could play for a while the resulting endgame, but he must have been really upset with 36.g2.} (36... Rxe3 37. Rxe3 Bxe3 38. Bxe3 d4+ 39. Kf2 dxe3+ 40. Kxe3 Kf7 41. g4 Kg6 42. h4 Ba4 {the easiest plan is to come with the bishop to d1} 43. Kf4 Bd1 44. b4 Be2 45. Kg3 Kf7 46. Kf4 (46. h5 Ke6 47. Kh4 Bd3 48. g6 hxg6 (48... h6 $2 49. g5) 49. h6 g5+ 50. Kxg5 Kf7 $19) 46... Ke6 47. h5 Bd1 48. Kg3 (48. g6 hxg6 (48... h6 $19) 49. h6 g5+ 50. Kxg5 Bc2 51. Kf4 Kf6 52. g5+ Kg6 53. Ke5 Kxg5 54. Kd6 Kxh6 55. Kc7 Be4 $19 56. Kb6 Bc6 57. b5 axb5 58. a6 bxa6) 48... Ke5 49. g6 (49. Kh4 Kf4 50. g6 h6 $19) (49. h6 Bc2 $19) 49... h6 (49... hxg6 50. h6 Kf6 51. g5+) 50. g7 Bb3 $19) 0-1

[Event "Hoogeveen Essent Crown"]
[Site "Hoogeveen"]
[Date "2004.10.17"]
[Round "1"]
[White "Stellwagen, Daniel"]
[Black "Carlsen, Magnus"]
[Result "1-0"]
[WhiteElo "2512"]
[BlackElo "2581"]
[PlyCount "105"]
[EventDate "2004.10.17"]
[EventType "tourn"]
[EventRounds "6"]
[EventCountry "NED"]
[EventCategory "15"]
[SourceTitle "CBM 104"]
[Source "ChessBase"]
[SourceDate "2005.01.27"]
[SourceVersion "1"]
[SourceVersionDate "2005.01.27"]
[SourceQuality "1"]

1. e4 c5 2. Nf3 Nc6 3. Bb5 g6 4. O-O Bg7 5. Re1 Nf6 6. e5 Nd5 7. Nc3 Nc7 8. Bxc6 dxc6 9. Ne4 Ne6 10. d3 O-O 11. Be3 b6 12. Qd2 f5 13. exf6 exf6 14. Bh6 a5 15. Bxg7 Kxg7 16. Ng3 ({RR} 16. Re2 Ra7 17. Rae1 Raf7 18. h4 h5 19. b3 Qc7 20. Ng3 Nd4 21. Nxd4 cxd4 22. c3 Rd8 23. Re4 dxc3 24. Qxc3 c5 25. Ne2 Bf5 26. Nf4 Qd7 27. Ne6+ Bxe6 28. Rxe6 Qxd3 29. Qxd3 {½-½ (29) Kramnik,V (2775)-Kasparov,G (2775) Moscow 1996}) 16... Ra7 17. h4 ({RR} 17. a3 Re8 18. Re4 Rae7 19. h3 f5 20. Ree1 Nd4 21. Nxd4 cxd4 22. b4 a4 23. Kf1 Qd5 24. c4 dxc3 25. Qxc3+ Kf7 26. Rxe7+ Rxe7 27. Kg1 Bb7 28. Qh8 c5 29. Qxh7+ Kf8 30. Qh8+ Kf7 31. f3 Qxd3 {Kovanova,B (2317)-Omonova,U (2052) Almaty KAZ 2022 0-1 (65)}) ({RR} 17. Re4 Nd4 18. Nxd4 cxd4 19. Rae1 c5 20. Ne2 Rff7 21. Nf4 Rae7 22. Qe2 Rxe4 23. Qxe4 Qd6 24. Ne6+ Kg8 25. Qa8 Qd7 26. Nf4 Kg7 27. h3 Qb7 28. Qxb7 Rxb7 29. Re8 Bf5 30. g4 Kf7 31. Rh8 Kg7 {Stellwagen,D (2524)-Chuchelov,V (2571) Belgium 2005 1-0 (72)}) 17... h5 18. Re4 $146 ({RR} 18. Qc3 Re8 19. Re4 Rae7 20. Rae1 Nc7 21. a3 Be6 22. Nh2 Bd5 23. Rxe7+ Rxe7 24. Nhf1 Nb5 25. Qd2 Rxe1 26. Qxe1 c4 27. Ne3 Nd6 28. d4 Be6 29. Ne2 Nf5 30. Nf4 Bc8 31. Nxf5+ Bxf5 32. c3 Qd6 {Klima,L (2425)-Hlavac,R (2150) Plzen 2003 1-0 (75)}) 18... Re7 19. Rae1 Rfe8 20. Qe3 Kf7 21. Qh6 Rh8 22. Qd2 Rhe8 23. a3 Ng7 24. Qf4 Ne6 25. Ne5+ Kg7 26. Nxh5+ gxh5 27. Qg3+ Kh8 28. Nxc6 Qc7 29. Nxe7 Qxe7 30. Qg6 Bd7 31. Qxh5+ Qh7 32. Qxh7+ Kxh7 33. g4 Kg7 34. f4 Kf7 35. f5 Nd4 36. Rxe8 Bxe8 37. Kf2 Nxc2 38. Re6 b5 39. g5 fxg5 40. hxg5 Bd7 41. g6+ Kg8 42. Re5 Nd4 43. f6 Ne6 44. Rd5 Be8 45. Rd6 Bxg6 46. Rxe6 Bxd3 47. Ke3 Kf7 48. Rb6 Bf1 49. Kf4 b4 50. Ke5 Be2 51. Rb7+ Kf8 52. Ra7 c4 53. Rxa5 1-0

[Event "Hoogeveen Essent Crown"]
[Site "Hoogeveen"]
[Date "2004.10.21"]
[Round "4"]
[White "Carlsen, Magnus"]
[Black "Stellwagen, Daniel"]
[Result "0-1"]
[WhiteElo "2581"]
[BlackElo "2512"]
[Annotator "Lukacs,Peter"]
[PlyCount "90"]
[EventDate "2004.10.17"]
[EventType "tourn"]
[EventRounds "6"]
[EventCountry "NED"]
[EventCategory "15"]
[SourceTitle "CBM 104"]
[Source "ChessBase"]
[SourceDate "2005.01.27"]
[SourceVersion "1"]
[SourceVersionDate "2005.01.27"]
[SourceQuality "1"]

1. e4 c6 2. d4 d5 3. Nc3 dxe4 4. Nxe4 Bf5 5. Ng3 Bg6 6. h4 h6 7. Nf3 Nd7 8. h5 Bh7 9. Bd3 Bxd3 10. Qxd3 Ngf6 11. Bf4 e6 12. O-O-O Nd5 13. Bd2 {Black has seemingly won a tempo by d5, but his  is vulnerable in the .} Nb4 14. Qb3 (14. Bxb4 {- Galdunts-Ruck, Griesheim 2003 CBM 94}) 14... a5 (14... Qb6 15. c4 O-O-O (15... Be7 16. c5 $5 {White wins a piece, although Black gets a lot of pawns for it.} (16. Kb1 {is the safe option.} Na6 (16... c5 17. d5) 17. Qa4 $14) 16... Bxc5 17. dxc5 Nxc5 18. Qa3 Nbd3+ (18... Ncd3+ 19. Kb1 $18) 19. Kb1 Nxf2 20. Be3 Nxd1 21. Bxc5 Qxb2+ 22. Qxb2 Nxb2 23. Kxb2 $14 {with three (!) pieces versus a  and four pawns.}) (15... a5 16. a3 Nd5 17. Qc2 {White certainly wants to avoid the exchange of queens.} N5f6 18. Bf4 Be7 19. Rhe1 O-O 20. Ne5 Rad8 21. c5 $14 {Kovalevskaya-Zangiev, St Petersburg 2001}) 16. Ne4 $14 (16. c5 $2 {is already strongly met by the prevoius sacrifice:} Bxc5 $1 17. dxc5 Nxc5 18. Qa3 Ncd3+ 19. Kb1 Nxf2 20. Bxb4 Rxd1+ 21. Rxd1 Nxd1 22. Bc5 Qb5 23. Nd4 Qc4 24. Qxa7 Qd3+ 25. Kc1 Ne3 $17)) 15. Kb1 (15. Ne4 a4 $1 {} 16. Qa3 {is the modest pragmatizm.} (16. Qxb4 $6 {White wants more he can get from this position. The  sacrifice is beautiful but unlucky as Mary Stuart.} Bxb4 17. Bxb4 Qb6 (17... Qb8 {looks also strong.} 18. Nd6+ Kf8 $19) 18. a3 Qa6 19. Rh3 (19. Nd6+ Kf8 20. Nb5+ Kg8 21. Nc7 Qa7 22. Nxa8 Qxa8 $17 {and White still has no adequate compensation for the .}) 19... b6 20. Rg3 (20. Nd6+ $2 Kf8 21. Nb5+ c5 $19) 20... Rh7 $1 {This is the precise defence.} (20... c5 21. dxc5 bxc5 22. Rxd7 cxb4 23. Rxg7 Kxd7 (23... Qf1+ 24. Rd1 $11) 24. Nc5+ Ke7 25. Nxa6 Rxa6 26. axb4 $11) 21. Ne5 (21. Nd6+ Kf8 $1) 21... Nxe5 $17 {Shirov-Grischuk, Dubai 2002 CBM 89}) 16... Nd5 (16... Qb6 17. Kb1 Nd5 18. Qd3) 17. Nd6+ Bxd6 18. Qxd6 Qc7 19. Qxc7 Nxc7 20. Ne5 f6 21. Nd3 Kf7 22. g4 Nb5 23. c3 Rhc8 24. Rhe1 Re8 25. Kc2 $11 {Kir.Georgiev-Dreev, Dubai rapid 2002}) (15. a3 a4 16. Qc4 $5 {deserves also attention.} (16. Qe3 Nd5 17. Qe2 {Finally the  has reached safety.} (17. Qd3 b5 18. Ne5 Nxe5 19. dxe5 Qc7 20. f4 Be7 21. Ne4 O-O $13 {and Black has good counterchances on the  because of the weakness of a3, Sammalvuo-Palo, Gausdal 2004.}) 17... b5 18. Nf5 b4 {Black has to open up lines on the .} (18... Qb8 19. c3 {The  is more or less closed and White has good prospects on the other flank.} Qc7 20. g3 Bd6 21. Rh4 N7f6 22. Nxd6+ Qxd6 23. Ne5 Ne7 24. g4 $14 {Karjakin-Turov, Moscow 2002}) 19. Bxb4 Nxb4 20. axb4 a3 21. c3 Qb8 $44 {Vescovi-Erenburg, playchess.com INT 2004})) (15. Rhe1 {is usually only a waste of time here.} Be7 16. Ne4 a4 17. Qxb4 {This  sacrifice is nice, but not so effective, as we will see it later.} Bxb4 18. Bxb4 Qb8 19. Bd6 Qa7 20. Ba3 Qa6 21. Rd3 b6 22. Rc3 c5 23. Nd6+ Kd8 24. dxc5 bxc5 $19 {Zufic-Saric, Kastav 2002}) 15... a4 (15... b5 16. Ne4 $5 (16. Rhe1 Be7 17. Ne4 Nf6 18. Nxf6+ gxf6 (18... Bxf6 19. Bxb4 axb4 20. Qxb4 {simply winning a .}) 19. a3 Nd5 20. Qd3 $14 {Pilgaard-Pedersen, Koge 2004}) (16. Ne5 a4 17. Qe3 (17. Qf3 Nxe5 18. dxe5 Qd5))) (15... Be7 16. Ne4 $5 (16. c4 {In the long run White will regret this move when b5! will come.} O-O $1 17. a3 Na6 18. Bf4 (18. Qxb7 Bxa3 19. Qxc6 Rb8 $40) 18... b5 $1 19. cxb5 cxb5 20. Qxb5 Nb6 21. Bd2 Nd5 $15 {Karjakin-Riazantsev, INT 2003})) 16. Qe3 Nd5 (16... Nb6 17. Qe1 N4d5 18. Ne5 Nd7 19. c4 N5f6 20. f4 Qc7 21. Bc3 {Now White has got an almost ideal position.} Be7 22. f5 $16 {Marjanovic-Logothetis, Ano Liosia 2000}) 17. Qe2 (17. Qd3 $1 {is the precise move here.} b5 (17... Qc7 18. c4) 18. Ne5 $1 Nxe5 19. dxe5 Qc7 20. f4 {This  structure gives White the space advantage in the  and the , but sometimes even the  can be a target after a well-prepared c2-c4.} O-O-O 21. Qe2 Kb7 22. Ne4 {(Leko-Dreev, Wijk aan Zee 2002} (22. c4 bxc4 23. Qxc4 Ra8 24. Ne4 Be7 $14) 22... Be7 23. c4 bxc4 24. Qxc4 Ra8 $14 {Leko}) 17... b5 $1 18. Ne5 Nxe5 19. dxe5 Qb6 $1 20. Rh3 $146 {This looks rather sophysticated.} (20. Ne4 b4 21. Qc4 Be7 $5 $13 (21... Qb5 22. Qxb5 cxb5 {The  cannot be worse for Black at all.} 23. c3 bxc3 24. Nxc3 Nxc3+ 25. Bxc3 b4 26. Bd4 Be7 $11 {Landa-P.Nielsen, playchess.com INT 2004})) ({RR} 20. Ne4 a3 21. b3 Qd4 22. c3 Qxe5 23. f4 Nxf4 24. Bxf4 Qxf4 25. Rhf1 Qc7 26. Qf2 f5 27. Nc5 Bxc5 28. Qxc5 Kf7 29. Rxf5+ exf5 30. Qxf5+ Kg8 31. Rd7 Qg3 32. Qe6+ Kh7 33. Qe4+ {½-½ (33) Matthiesen,M (2361)-Rasmussen,K (2455) Denmark 2006}) ({RR} 20. Rh4 a3 21. b3 Be7 22. Rg4 Ra4 23. Rxg7 Rf4 24. f3 Bf8 25. Rg4 Rxg4 26. fxg4 Qd4 27. c3 Qxc3 28. Bxc3 Nxc3+ 29. Kc2 Nxe2 30. Nxe2 Rg8 31. Rd4 Rg5 32. Re4 Bg7 33. Nd4 Rxe5 34. Rxe5 Bxe5 {Landa,K (2597)-Van Dongen,C (2299) Netherlands 2006 0-1 (83)}) 20... a3 21. b3 Qd4 22. c3 Qxc3 $1 {This is the point!} (22... Nxc3+ 23. Bxc3 Qxc3 24. f4 $14) 23. Be1 (23. Bxc3 Nxc3+ 24. Kc2 Nxe2 25. Nxe2 Bc5 $15 {and Black has an extra .}) 23... Qb2+ (23... Qc5 $5 {keeping the queens on the board was also possible, because the white  is not safe.} 24. Ne4 Qb6 25. Nd6+ Bxd6 26. exd6 Qd8 27. Bc3 Qxd6 28. Be5 Qe7 29. Bxg7 Rg8 30. Qc2 c5 $1 $36) 24. Qxb2 axb2 25. Kxb2 Nf4 (25... g5 $5 {The target is × e5.} 26. hxg6 Bg7 (26... fxg6 { g7}) 27. gxf7+ Kxf7 28. Ne4 Bxe5+ 29. Kb1 Ra6 $15 {with active black pieces in the .}) 26. Rh2 (26. Rh4 Nxg2 27. Rg4 Nxe1 28. Rxe1 O-O-O $15 {Black is a  up + White's pawns are weak.}) 26... c5 27. Ne4 c4 28. Kb1 Ba3 29. g3 (29. Rh4 Nd3 30. Nd6+ Bxd6 31. exd6 Kd7 32. bxc4 Ra3 33. c5 (33. cxb5 Rb8) 33... Nxc5 34. Bb4 Ra4 $15) 29... Nd3 {This  becomes a superpower on d3.} 30. Bc3 O-O 31. f4 Rfd8 32. Rhd2 Rd5 (32... b4 $2 {founders on simple tactics:} 33. bxc4 $1 bxc3 34. Rxd3 Rdb8+ 35. Kc2 $18) 33. Ba1 Bb4 34. Bc3 Ba3 35. Ba1 Rd7 $1 {Black certainly wants to continue the fight.} (35... Rad8 36. Nc3 Rc5 (36... R5d7 37. Nxb5) 37. Ne4 Rcd5 $11) 36. Rc2 Rb8 (36... Rad8 37. bxc4 (37. Rdd2 Nb4 38. Rxd7 Rxd7 39. Rd2 Nd3 $15) 37... Nxe5 $1 38. Rxd7 Rxd7 39. Bb2 Bxb2 40. cxb5 Nd3 41. Rxb2 Nxb2 42. Kxb2 Rd4 $15) 37. Nc3 $2 {Now the a1  will be entombbed.} (37. Bb2 $1 {was the last chance for a successful defence, for example:} Bxb2 (37... Be7 38. Nf2 Kf8 39. Nxd3 Rxd3 (39... cxd3 40. Rc6) 40. Rxd3 cxd3 41. Rc7 $13) 38. Rxb2 cxb3 39. Rxb3 Nxe5 40. Rd6 Rxd6 41. Nxd6 Ng4 42. Rxb5 Rd8 43. Ne4 Rd4 $11) 37... b4 38. Ne4 c3 $19 {Look at the a1 !} 39. Nd6 Nc5 40. Re2 Nb7 {exchanging White's last active piece.} 41. Re4 Nxd6 42. exd6 (42. Rxd6 Rxd6 43. exd6 Rd8 44. Rd4 Kf8 $19) (42. Red4 Rc8 $1 43. Kc2 Nf5 44. Rxd7 Ne3+ $19) 42... Rb5 43. Rc4 Rxh5 44. Rc7 Rxc7 $1 45. dxc7 Rc5 0-1

[Event "Hoogeveen Essent Crown"]
[Site "Hoogeveen"]
[Date "2004.10.22"]
[Round "5"]
[White "Short, Nigel D"]
[Black "Carlsen, Magnus"]
[Result "1/2-1/2"]
[WhiteElo "2687"]
[BlackElo "2581"]
[PlyCount "82"]
[EventDate "2004.10.17"]
[EventType "tourn"]
[EventRounds "6"]
[EventCountry "NED"]
[EventCategory "15"]
[SourceTitle "CBM 104"]
[Source "ChessBase"]
[SourceDate "2005.01.27"]
[SourceVersion "1"]
[SourceVersionDate "2005.01.27"]
[SourceQuality "1"]

1. e4 c5 2. Nc3 Nc6 3. g3 g6 4. Bg2 Bg7 5. d3 d6 6. Bg5 Nf6 7. Nge2 Rb8 8. O-O b5 9. a3 Bd7 10. h3 $146 ({RR} 10. d4 cxd4 11. Nxd4 Qc8 12. Nxc6 Bxc6 13. Qd4 h6 14. Be3 a5 15. Qd2 O-O 16. Bxh6 Bxh6 17. Qxh6 b4 18. axb4 axb4 19. Ne2 Bxe4 20. Bxe4 Nxe4 21. Nd4 e5 22. Nf3 Qxc2 23. h4 Nf6 24. Ng5 Rb7 {Dedes,N (2245)-Damaso,R (2240) Groningen 1986 1-0 (32)}) 10... O-O 11. Kh2 a5 12. Qd2 b4 13. axb4 axb4 14. Nd5 Nxd5 15. exd5 Nd4 16. Nxd4 Bxd4 17. c3 bxc3 18. bxc3 Bf6 19. Bxf6 exf6 20. Ra7 Re8 21. Rfa1 Bf5 22. g4 Bc8 23. c4 Kg7 24. d4 cxd4 25. Qxd4 Re2 26. Bf1 Rc2 27. Re1 Rb7 28. Kg1 Rxa7 29. Qxa7 Bd7 30. Kg2 h6 31. Qd4 Ra2 32. Re3 Kg8 33. Bd3 Kg7 34. h4 g5 35. h5 Ra3 36. Kg3 Rb3 37. Rf3 Qe7 38. Re3 Qd8 39. Kg2 Ra3 40. Rf3 Qe7 41. Re3 Qd8 1/2-1/2

[Event "NOR-chT east 0405"]
[Site "Norway"]
[Date "2005.03.05"]
[Round "8"]
[White "Carlsen, Magnus"]
[Black "Kengis, Edvins"]
[Result "1/2-1/2"]
[WhiteElo "2553"]
[BlackElo "2543"]
[PlyCount "52"]
[EventDate "2004.11.06"]
[EventType "swiss"]
[EventCountry "NOR"]
[SourceTitle "EXT 2023"]
[Source "ChessBase"]
[SourceDate "2022.10.05"]
[SourceVersion "1"]
[SourceVersionDate "2022.10.05"]
[SourceQuality "1"]

1. e4 c5 2. Nf3 e6 3. d4 cxd4 4. Nxd4 a6 5. Bd3 g6 6. c4 Bg7 7. Ne2 Nc6 8. Nbc3 Nf6 9. O-O O-O 10. Bg5 Qa5 11. Qd2 Ne5 12. f4 Nxd3 13. Qxd3 b5 14. cxb5 axb5 $146 ({RR} 14... Qb6+ 15. Kh1 axb5 16. Qh3 Bb7 17. Ng3 b4 18. e5 Ng4 19. Qxg4 bxc3 20. bxc3 Qb2 21. Qh3 Rxa2 22. Rxa2 Qxa2 23. Bf6 Bxf6 24. exf6 Qd2 25. f5 Rc8 26. fxe6 dxe6 27. Rg1 Rxc3 28. Nf1 Qd4 {0-1 (28) Naiditsch,A (2484)-Kengis,E (2586) Bad Zwesten 2001}) 15. Bxf6 Bxf6 16. e5 Bg7 17. Nxb5 f6 18. Nec3 Qb6+ 19. Kh1 fxe5 20. fxe5 Bb7 21. Qd6 Qc6 22. Qxc6 Bxc6 23. Nd4 Rxf1+ 24. Rxf1 Bxe5 25. Nxc6 dxc6 26. Rf2 Bxc3 1/2-1/2

[Event "Bundesliga 0405"]
[Site "Germany"]
[Date "2005.03.13"]
[Round "13.1"]
[White "Carlsen, Magnus"]
[Black "Nikolic, Predrag"]
[Result "1/2-1/2"]
[WhiteElo "2581"]
[BlackElo "2676"]
[PlyCount "58"]
[EventDate "2004.11.12"]
[EventType "team-tourn"]
[EventRounds "15"]
[EventCountry "GER"]
[SourceTitle "CBM 106"]
[Source "ChessBase"]
[SourceDate "2005.06.06"]
[SourceVersion "1"]
[SourceVersionDate "2005.06.06"]
[SourceQuality "1"]
[WhiteTeam "Neukoelln"]
[BlackTeam "Solingen"]
[WhiteTeamCountry "GER"]
[BlackTeamCountry "GER"]

1. e4 e5 2. Nf3 Nc6 3. Bb5 a6 4. Ba4 Nf6 5. O-O Be7 6. Re1 b5 7. Bb3 d6 8. c3 O-O 9. h3 Re8 10. d4 Bb7 11. Nbd2 Bf8 12. d5 Ne7 13. Nf1 g6 ({RR} 13... Ng6 14. a4 Nd7 15. Ba2 h6 16. N3h2 Nf4 17. Qf3 Nc5 18. Bxf4 exf4 19. axb5 axb5 20. b4 Na4 21. Qd3 g6 22. Bb3 Nb6 23. Nf3 Rxa1 24. Rxa1 Bc8 25. Nd4 Bd7 26. Ra5 Bg7 27. Nxb5 Bxb5 28. Rxb5 {Gashimov,V (2664)-Beliavsky,A (2646) Barcelona 2007 ½-½ (41)}) ({RR} 13... h6 14. Ng3 c6 15. dxc6 Bxc6 16. a4 Qc7 17. axb5 axb5 18. Rxa8 Bxa8 19. Nh4 d5 20. exd5 Bxd5 21. Nhf5 Nxf5 22. Nxf5 Bxb3 23. Qxb3 Qb7 24. c4 b4 25. Rd1 Ne4 26. Ne3 Nc5 27. Qc2 b3 28. Qc3 {Zilleruelo Irizarry,D (2058)-Leyva Proenza,R (2333) chess.com INT 2024 0-1 (38)}) 14. N3h2 Bg7 15. Qf3 $146 ({RR} 15. Ng4 Rf8 16. Nxf6+ Bxf6 17. f4 exf4 18. Bxf4 Nc8 19. Nh2 Nb6 20. Qd2 Nd7 21. Ng4 Bg7 22. e5 dxe5 23. Nxe5 Nxe5 24. Bxe5 Bxe5 25. Rxe5 Re8 26. Rxe8+ Qxe8 27. Rf1 Rd8 28. Rxf7 Kxf7 {½-½ (28) Vachier Lagrave,M (2681)-Beliavsky,A (2606) Paks 2008}) ({RR} 15. Ng4 Rf8 16. Qf3 Nxg4 17. hxg4 f5 18. exf5 gxf5 19. Bg5 Qd7 20. Bxe7 fxg4 21. Qe2 Qxe7 22. Qxg4 Bc8 23. Qe2 Qh4 24. Bc2 Rf6 25. Be4 Bg4 26. f3 Bd7 27. g3 Qg5 28. Qd2 Qh5 29. Qh2 Qf7 {Friedel,J (2529)-De la Paz Perdomo,F (2473) Toluca 2011 ½-½ (48)}) 15... Kh8 16. h4 Rf8 17. Ng3 h5 18. Bc2 Nh7 19. Qe2 Ng8 20. Nf3 Bf6 21. c4 Bxh4 22. Nxh4 Qxh4 23. cxb5 axb5 24. Qxb5 Ba6 25. Qb3 Ne7 26. Qf3 Kg7 27. Qe3 Kh8 28. Qf3 Kg7 29. Qe3 Kh8 1/2-1/2